Word games : (Record no. 290326)
[ view plain ]
| 000 -LEADER | |
|---|---|
| fixed length control field | 00598nam a2200181Ia 4500 |
| 008 - FIXED-LENGTH DATA ELEMENTS--GENERAL INFORMATION | |
| fixed length control field | 160114s9999 xx 000 0 und d |
| 020 ## - INTERNATIONAL STANDARD BOOK NUMBER | |
| International Standard Book Number | 1741504910 |
| 050 ## - LIBRARY OF CONGRESS CALL NUMBER | |
| Classification number | 793.73 |
| 050 ## - LIBRARY OF CONGRESS CALL NUMBER | |
| Item number | .F295w 2006 |
| 100 ## - MAIN ENTRY--PERSONAL NAME | |
| Personal name | Feely, Jenny. |
| 245 ## - TITLE STATEMENT | |
| Title | Word games : |
| Remainder of title | boost letter and word recognition! / |
| Statement of responsibility, etc | Jenny Feely. |
| 260 ## - PUBLICATION, DISTRIBUTION, ETC. (IMPRINT) | |
| Place of publication, distribution, etc | Manila, Philippines : |
| Name of publisher, distributor, etc | WS Pacific Publications Inc. |
| Date of publication, distribution, etc | 2006 |
| 300 ## - PHYSICAL DESCRIPTION | |
| Extent | 32 pages; |
| Other physical details | color illustrations ; |
| Dimensions | 28 cm. |
| 440 ## - SERIES STATEMENT/ADDED ENTRY--TITLE | |
| Title | Helping kids at home. |
| 500 ## - GENERAL NOTE | |
| General note | Level 1: Getting started--head of the title. |
| 650 ## - SUBJECT ADDED ENTRY--TOPICAL TERM | |
| Topical term or geographic name as entry element | Word Games-- |
| 650 ## - SUBJECT ADDED ENTRY--TOPICAL TERM | |
| General subdivision | Juvenile literature. |
| Withdrawn status | Lost status | Damaged status | Home library | Current library | Shelving location | Date acquired | Total Checkouts | Full call number | Date last seen | Price effective from | Koha item type |
|---|---|---|---|---|---|---|---|---|---|---|---|
| Stonyhurst Southville International School (Batangas) | Stonyhurst Southville International School (Batangas) | Grade School Section | 01/14/2016 | 793.73 .F295w 2006 | 01/14/2016 | 01/14/2016 | Books |